La integración iberoamericana : ¡cien millones de nuevos empleos para el año 2000! /

Guardat en:
Dades bibliogràfiques
Format: Llibre
Idioma:espanyol
Publicat: Washington, EUA : Instituto Schiller, 1988, c1988
Etiquetes: Afegir etiqueta
Sense etiquetes, Sigues el primer a etiquetar aquest registre!

MARC

LEADER 00000nam^a2200000^a^4500
001 000618607
005 20260220000000.0
009 20260310133803.345
037 |a Acervo ITESO - Biblioteca 
041 |a ESP 
091 |a FOB. 00397 
245 0 3 |a La integración iberoamericana :  |b ¡cien millones de nuevos empleos para el año 2000! / 
264 4 |a Washington, EUA :  |b Instituto Schiller,  |c 1988, c1988 
300 |a 356 p. 
336 |a texto  |b txt  |2 rdacontenido 
337 |a sin mediación  |b n  |2 rdamedio 
338 |a volumen  |b nc  |2 rdasoporte 
649 |a XX 
910 |a Fondo Carlos de Obeso Orendain 
920 |a Impresos - Libros 
930 |a Fondos Especiales 
905 |a 147 
901 |a 619001-10  |b IT2  |c ESP  |i D  |u 20250814 
902 |a https://opac.biblio.iteso.mx/vufind/Record/000618607